• 首页
  • 本馆介绍
  • 公告通知
  • 最新文献
  • 馆藏检索
  • 电子资源
  • 读者导购
  • 参考咨询
  • 我的图书馆
  • 登录
  • 详细信息显示
  • 放入我的书架
  • 预约/预借图书
  • 作者相关作品
  • 分类相关作品
  • 丛书相关作品
  • 出版社相关作品

书目信息

  • 表格格式
  • 工作单格式
  • 卡片格式
题名:
唐代长安与西域文明
    
 
作者: 向达 著
分册:  
出版信息: 南昌   江西教育出版社  2023
页数: 549页
开本: 23cm
丛书名: 大家学术文库
单 册:
中图分类: K242.03-53 , K242
科图分类:
主题词: 中外关系--文化交流--文化史--唐代--文集
电子资源:
ISBN: 978-7-5705-3114-1
000 00883oam2 2200253 450
001 2353070909
005 20231204144441.17
010    @a978-7-5705-3114-1@dCNY68.00
100    @a20230725d2023 em y0chiy50 ea
101 0  @achi
102    @aCN@b360000
105    @aa z 000yy
200 1  @a唐代长安与西域文明@Atang dai chang an yu xi yu wen ming@f向达著
210    @a南昌@c江西教育出版社@d2023
215    @a549页@c图,书影@d23cm
225 1  @a大家学术文库
330    @a本书讲述了唐朝全盛之时与西北地区游牧民族的交往与互动。向达先生在书中对唐代长安、洛阳的“胡化”现象,包括服饰、饮食、宫室、乐舞、绘画、宗教、游乐等诸多方面作了考察。
410  0 @12001 @a大家学术文库
606 0  @a中外关系@x文化交流@x文化史@z唐代@j文集
690    @aK242.03-53@v5
690    @aK242@v4
701  0 @a向达@Axiang da@f(1900-1966)@4著
801  0 @aCN@b91MARC@c20230912
905    @aZUCC@dK242@e17
    
    唐代长安与西域文明/向达著.-南昌:江西教育出版社,2023
    549页:图,书影;23cm.-(大家学术文库)
    
    
    ISBN 978-7-5705-3114-1:CNY68.00
    本书讲述了唐朝全盛之时与西北地区游牧民族的交往与互动。向达先生在书中对唐代长安、洛阳的“胡化”现象,包括服饰、饮食、宫室、乐舞、绘画、宗教、游乐等诸多方面作了考察。
●
相关链接 在五车中查询图书 在当当中查询图书 在豆瓣中查询图书


正题名:唐代长安与西域文明     索取号:K242/17         预约/预借

序号 登录号 条形码 馆藏地/架位号 状态 备注
1 2001261217   2001261217   辽宁北方(第一批)/辽宁北方(第一批)/188/ [索取号:K242/17] 在馆    
2 2001261218   2001261218   辽宁北方(第一批)/辽宁北方(第一批)/188/ [索取号:K242/17] 在馆    
3 2001261219   2001261219   辽宁北方(第一批)/辽宁北方(第一批)/188/ [索取号:K242/17] 在馆    
4 2001261220   2001261220   辽宁北方(第一批)/辽宁北方(第一批)/188/ [索取号:K242/17] 在馆    
5 2001261221   2001261221   辽宁北方(第一批)/辽宁北方(第一批)/188/ [索取号:K242/17] 在馆    
6 2001261222   2001261222   辽宁北方(第一批)/辽宁北方(第一批)/188/ [索取号:K242/17] 在馆    
山东省滨州职业学院图书馆 欢迎您!
大连网信软件有限公司© 版权所有